000
00268nam a2200109Ia 4500
008
220216s9999 xx 000 0 und d
100
_a
Mullins L
245
0
_a
Effect of temperature on resilience
260
_b
IRI Transactions
_c
1946
300
_a
235-257
942
_c
JS
999
_c
58191
_d
58191